000 00588nam a22002172 4500
001 0000005964
005 20151217145827.0
008 070817s xx 000 0 eng d
020 _a0521750946 :
040 _aKABU
_cKABU
050 0 _aHF1008
_b.N88
100 1 _aNuttall, Chris J.
_@0000157293
245 1 0 _aCareer award business :
_bstandard level.
260 _aCambridge :
_bCUP,
_c2003.
300 _aiv, 316 p.
650 0 _aBusiness.
_@0000149956
650 0 _aCommerce.
_@0000151269
908 _a070817
950 _@1
999 _c3014
_d3014